| 000 | 00362nam a22001217a 4500 | ||
|---|---|---|---|
| 999 |
_c1477 _d1477 |
||
| 005 | 20200831155624.0 | ||
| 008 | 200831b ||||| |||| 00| 0 eng d | ||
| 020 | _a0521201845 | ||
| 040 | _cCML | ||
| 245 |
_aCertificate Mathematics Book 2. _cKalejaiye, A.O. |
||
| 260 |
_aCambridge _bCambridge University Press _c1974 |
||
| 942 |
_2ddc _cBK _h510 _mKAL |
||